000 00484nam a2200205Ia 4500
005 20250425162707.0
008 250425s9999 xx 000 0 und d
020 _a0940087588
041 _aeng
082 _a003
100 _aDANULOF, CRAIG
245 0 _aTHE SYSTEM 7 BOOK
250 _aS.E
260 _aEstados Unidos
_bVENTANA PRESS
_c1991
260 _aNEW YORK
300 _a388
650 _aPROGRAMACION DE SISTEMAS (INFORMATICA)
942 _c01
010 _a97206
999 _c234514
_d234514